| 000 | 00999nam a2200253 a 4500 | ||
|---|---|---|---|
| 001 | BRCA_6407 | ||
| 005 | 20190321142933.0 | ||
| 008 | 080911s1929----gw-a######---#000-0#ger-# | ||
| 041 | _ager | ||
| 044 | _agw | ||
| 050 | 4 | _b.S26 2 1929 | |
| 245 | 1 | 0 |
_aSammlung Marc Rosenberg _cbeschrieben und eingeleitet von Otto von Falke. |
| 260 |
_aAlemania _bHermann Ball und Paul Graupe _c1929 |
||
| 300 |
_a68 p. _bil., 27 láminas _c32 cm. |
||
| 500 | _aAusstellung: Mountag, Den 28. Oktober, 9-6 uhr; Sonnebend, den 2. november, von 9-6 uhr; Sonntag, den 3. november, von 10-1 uhr. Versteigerung: Montag, den 4. November, 1929; Vormittags 11 uhr: Nr. 1-154; Nachmittags 4 uhr: Nr. 155-350 | ||
| 500 | _aCatálogo de subasta inventariado por Banco de México como libro | ||
| 500 | _aVer también CDE28, CDE30 y CDE31 | ||
| 500 | _aCDE29 | ||
| 650 | 1 | 4 |
_aArte _vCatálogos _94925 |
| 650 | 1 | 4 |
_aJoyería antigua _vSubastas _916022 |
| 700 | 1 |
_aFalke, Otto von _916023 |
|
| 902 | _aGFM | ||
| 942 |
_2lcc _cB |
||
| 999 |
_c6092 _d6092 |
||